| 000 | 00815nam a2200217 i 4500 | ||
|---|---|---|---|
| 001 | 186774 | ||
| 003 | ES-MaACL | ||
| 005 | 20250918175751.0 | ||
| 008 | 170214s1910 sp |||| | spa d | ||
| 080 | _a821.134.2-32"19" | ||
| 100 | 1 |
_aAntón del Olmet, Luis, _d1886-1923 _921947 |
|
| 245 | 1 | 3 |
_aLa postrera salida de Don Quijote : _bnovela / _cde Luis Anton del Olmet ; ilustraciones de Medina-Vera. |
| 260 |
_aMadrid : _bLos Contemporáneos, _c1910 ( _fImp. de "Alrededor del Mundo") |
||
| 300 |
_a[20] p. : _bil. ; _c28 cm. |
||
| 490 | 1 |
_aLos contemporáneos ; _v77 |
|
| 650 | 4 |
_aDon Quijote (Personaje de ficción)- _vNovelas. _9158737 |
|
| 700 | 1 |
_aMedina Vera, Inocencio, _d1876-1918 _979756 |
|
| 830 | 1 |
_aLos contemporáneos ; _v77 _9185715 |
|
| 852 |
_aES-MaACL _jR-2598(22) |
||
| 999 |
_c186774 _d186774 |
||